MDQL
is popping MORE tags! Check the
thread
!
Quizzes
Events
Quiz Creation
Community
Videos
Private Events
Remove Ads
Sign In
Join for FREE
Feedback
Dark Mode
Quiz Categories
Sports
Geography
Music
Movies
Television
Just For Fun
Miscellaneous
History
Literature
Language
Science
Gaming
Entertainment
Religion
Holiday
For Kids
Quiz Lab
Recent
Popular Today
Quiz Kudos Today
Editor Picks
Curator Picks
Quizzes by...
Day
Popularity
Type
Ratings
Length
Year
Community
Subscriptions
Recent Discussions
Orange Saloon
Badges
Playlists
Quests
Create
Leaderboards
Showdown
Live 5
Trivia Bingo
Activity
Puzzle Library
Sporcle Events
Private Events
Virtual Trivia
Globe League
Become a Host
Pub Owners
SporcleCon
Opinionation
Our Games
Videos
Blog
Mobile Apps
Partnerships
Remove Ads and Go Orange
Feedback
Literature
Harry Potter
A Song of Ice and Fire
The Hunger Games
Literary Character
Shakespeare
Book
Author
Novel
Poem
Young Adult
Children's Books
Play
Lord of the Rings
Literature
Harry Potter
A Song of Ice and Fire
The Hunger Games
Literary Character
Shakespeare
Book
Author
Novel
Poem
Young Adult
Children's Books
Play
Lord of the Rings
Random Quiz
Search Sporcle
×
Quiz Lab
Quiz Lab
Literature
Book
Type in answers that appear in a list
Type in answers that appear in a list
Classic
Best Score? Go Orange.
Mortal Instruments Chapters Stats
Can you name the Mortal Instruments Chapters?
By
millibabe16
15m
134 Questions
204 Plays
204 Plays
204 Plays
Comments
Comments
Give Quiz Kudos
Give Quiz Kudos
-
- Ratings
hide this ad
Replay
Link that replays current quiz
Next Quiz
Link to next quiz in quiz playlist
You Got
0%
They Got
Avg Score
24%
Avg Friend Score
Upgrade to see
Score Distribution
Jump to the score distribution portion of the page
Score
0/134
Timer
15:00
0
Plays Today
Chapter Number
Chapter Title
% Correct
1
Pandemonium
73.5%
3
Shadowhunter
61.8%
10
City of Bones
59.3%
23
Valentine
59.3%
11
Magnus Bane
57.8%
18
The Mortal Cup
55.9%
14
Hotel Dumort
48.5%
4
Ravener
47.5%
2
Secrets and Lies
46.6%
17
The Midnight Flower
46.6%
21
The Werewolf's Tale
45.6%
12
Dead Man's Party
45.1%
1
The Portal
44.1%
5
Clave and Covenant
43.6%
6
City of Ashes
43.6%
6
Forsaken
42.2%
7
The Mortal Sword
42.2%
19
Abbadon
40.7%
8
The Seelie Court
40.7%
Epilogue
Epilogue
40.2%
Epilogue
Epilogue
40.2%
22
Renwick's Ruin
39.7%
7
The Five Dimensional Door
38.7%
3
Amatis
38.7%
1
Valentine's Arrow
38.2%
9
The Circle and the Brotherhood
37.7%
3
The Inquisitor
37.7%
16
Falling angels
37.3%
8
Weapon of Choice
36.8%
15
High and Dry
36.3%
13
The Memory of Whiteness
35.8%
4
Daylighter
35.8%
2
Falling
35.8%
2
The Hunter's Moon
35.3%
20
In Rat's Alley
34.8%
14
Fearless
34.3%
2
The Demon Towers of Alicante
33.8%
Epilogue
The Ascent Beckons
32.4%
Prolouge
Smoke and Diamonds
31.4%
4
The Cuckoo in the Nest
30.9%
10
A Fine and Private Place
30.9%
17
The Shadowhunter's Tale
30.9%
9
And Death Shall Have No Dominion
30.4%
6
Bad Blood
29.9%
19
Dies Irae
29.4%
Chapter Number
Chapter Title
% Correct
5
Sins of the Father
28.4%
9
This Guilty Blood
28.4%
Prologue
Prologue
27.5%
19
Peniel
26.5%
10
Fire and Sword
26%
14
In the Dark Forest
26%
11
Smoke and Steel
25.5%
17
East of Eden
25%
12
The Hostility of Dreams
24.5%
Epilogue
Across the Sky in Stars
24.5%
9
The Iron Sisters
24.5%
13
A Host of Rebel Angels
24%
5
Valentine's Son
24%
15
The Serpent's Tooth
23.5%
18
Hail and Farewell
23.5%
7
Praetor Lupus
23.5%
16
A Stone of the Heart
23%
7
Where Angels Fear to Tread
23%
8
One of the Living
23%
20
Weighed in the Balance
23%
1
The Master
23%
18
Raziel
23%
18
Darkness Visible
22.5%
23
Judas Kiss
22.5%
12
De Profundis
21.6%
15
Things Fall Apart
21.6%
5
Hell Calls Hell
20.6%
5
A Problem With Memory
20.1%
16
Articles of Faith
20.1%
13
Where There is Sorrow
19.6%
8
Fire Tests Gold
19.6%
4
The Art of Eight Limbs
19.1%
1
The Last Council
19.1%
3
Sevenfold
18.6%
13
Girl Found Dead
18.6%
12
Sanctuary
18.1%
15
Beati Bellicosi
18.1%
11
All the Host of Hell
17.6%
2
Thorns
17.6%
19
Hell is Satisfied
17.2%
10
The Wild Hunt
17.2%
24
Call It Peace
17.2%
17
And Cain Rose Up
16.7%
4
Darker Than Gold
15.2%
6
Wake the Dead
14.7%
Chapter Number
Chapter Title
% Correct
10
232 Riverside Drive
14.7%
16
New York City Angels
14.7%
7
A Sea Change
14.7%
13
The Bone Chandelier
14.7%
15
Magdalena
14.7%
16
Brothers and Sisters
14.7%
11
Ascribe All Sin
14.2%
12
The Stuff of Heaven
14.2%
18
Scars of Fire
13.7%
3
Bad Angels
13.7%
8
Walk in Darkness
13.2%
1
The Portion of Their Cup
13.2%
Epilogue
The Beauty of A Thousand Stars
13.2%
11
Our Kind
12.7%
6
No Weapon in This World
12.7%
17
Valediction
12.3%
19
Love and Blood
12.3%
21
Raising Hell
12.3%
14
The Sleep of Reason
12.3%
9
From Fire Unto Fire
11.3%
4
And Immortality
11.3%
14
As Ashes
11.3%
Prologue
Fall Like Rain
11.3%
18
By the Waters of Babylon
11.3%
20
The Serpents of the Dust
11.3%
20
A Door Into the Dark
10.8%
3
Birds to the Mountain
10.8%
10
These Violent Delights
10.8%
2
Stand or Fall
10.3%
6
Brother Lead and Sister Steel
10.3%
11
The Best is Lost
10.3%
15
Brimstone and Salt
10.3%
14
What Dreams May Come
9.8%
12
The Formal Nightmare
9.8%
19
Into the Silent Land
9.8%
9
The Arms You Bear
9.3%
22
The Ashes of Our Fathers
9.3%
13
Paved With Good Intentions
8.8%
21
The Keys of Death and Hell
8.8%
5
Measure of Revenge
7.8%
17
Burnt Offerings
7.8%
16
The Terrors of the Earth
7.4%
7
Clash By Night
6.9%
8
Strength in What Remains
5.9%
Quiz Playlist
Details
Report
Send in Message
Add To Playlist
Classic:
Type in answers that appear in a list
Last Updated: Feb 16, 2017
Quiz Scoreboard
CHALLENGE
Sign Up to Join the Scoreboard
Show All
Scores
Hide
Comments
May contain spoilers
Recently Published
Two Season TV Shows II
by 123Four
Television
10m
Image Sorting: Flags VI
by Barbecue
Geography
2m
Find the 'City' Movie
by crazypaving
Movies
60s
More to Explore
Quiz From the Vault
Featured Blog Post
14 Easter Pick-up Lines to Find Eggs With
hide this ad
You Might Also Like...
Tags
Book Quiz
Young Adult Quiz
Book Series
Book Titles
Chapter Titles
Mortal Instruments
Today's Top Quizzes in Literature
Browse Literature
hide this ad
Today's Top Quizzes in Book
Browse Book
Top Contributed Quizzes in Literature
1
Sneaky Slytherin Logic Puzzle
2
Criteria Quiz: Harry Potter Deaths
3
Get The Picture: Black or White Literature
4
Harry Potter logic puzzle: The Hogwarts Soap Opera
5
'Middle' Earth
6
Weasley Family Reunion: Logic Puzzle
7
Missing Word: John Steinbeck Title Images
8
Harry Potter Slytherin Logic Puzzle
9
Quick Pick: Easter in Book Titles
10
Harry Potter logic puzzle: Triwizard Tournament
Explore More
Trending Topics
Kpop
Crossword
NBA
Anime
Harry Potter
Disney
Marvel
Song
Pokémon
The Office
Country
Soccer
WWE
NFL
Puzzle
hide this ad
More By:
millibabe16
Quiz
Plays
Rating
Category
Featured
Created
'N Sync or Backstreet Boys
23,690
4.58
Music
Jul 31, 2017
Quick Pick: Half-Bloods
22,903
4.48
Just For Fun
Jan 11, 2018
Percy Jackson Typing Challenge
17,235
4.50
Literature
Dec 2, 2015
Saturday Sudoku XX
16,736
4.67
Just For Fun
Oct 3, 2019
Saturday Sudoku XXXV
15,891
4.72
Just For Fun
Oct 3, 2019
Go to Creator's Profile
Score Distribution
Quiz Creator Spotlight
millibabe16
Follow
Send a Message
Quizzes Created
-
Created Quiz Play Count
-
More By This Creator
Popular Quizzes Today
1
Find the US States - No Outlines Minefield
2
Colored Red Africa Blitz
3
Find the 'City' Movie
4
5x2 Blitz: Bands
5
The Countries of the World
6
Find the Countries of Europe - No Outlines Minefield
7
Find the US States
8
US States
More Literature Quizzes
7 to 1: Literary Characters II
Quiz Lab
Trending Quizzes
Colored Red Europe Blitz I
Colored Red Africa Blitz II
Colored Red Europe Blitz II
Even More Two Season TV Shows
Colored Red Africa Blitz III
Recently Updated
March Madness Men's Triple Doubles
pecheneg
How Do You Spell That?
pecheneg
Godzilla Movies
pecheneg
Grab Bag: 4-10 Letters
pecheneg
2024 March Madness Bracket
pecheneg
Famous TV Couples
Peacemaker
Champions League XIs: Real Madrid
pecheneg
Largest US Cities 1790-2010
pecheneg
Rides in Walt Disney World
pecheneg
Most Oscar Losses (Acting)
pecheneg
Trending Topics
NBA
Kpop
Crossword
Marvel
Harry Potter
Disney
Anime
Soccer
Puzzle
Country
Pokémon
The Office
Song
NFL
WWE
Your Account Isn't Verified!
In order to create a playlist on Sporcle, you need to verify the email address you used during registration. Go to your
Sporcle Settings
to finish the process.
Report this User
Report this user for behavior that violates our
Community Guidelines
.
Details:
Send Report
Go to the Sporcle.com Mobile Site →
Comments